00939nam a2200265Ia 4500001000700000003000500007008004100012010001100053040000900064090001600073100004500089245011900134260004100253300002000294502007500314650004400389650003600433901001600469902000600485910000900491942000600500942000600506999001900512952014200531Z_1454CHAP220113s1993 xx 000 0 und d a164543 cCHAP aTesis L 796 aLeón Martínez, José Antonio966154 aCultivo y utilización del pasto kikuyo (Pennisetum clandestinum Hochst) /cpor José Antonio León Martínez aChapingo, Méx. :bEl autor,c1993 a79 h. : bilus. aTesis (Ing. Agr. Esp. en Zootecnia) -- UACH. Departamento de Zootecnia 7aPastos forrajerosxRendimiento2986118 aPennisetum clandestinum 986706 aTESIS L 796 aM a1993 c2 c2 c164543d164543 00102local4051708TESISaZbZd2005-11-09eEl autorl0oTesis L46 796 1993p5101001122r2022-01-18 00:00:00tEj.1w2022-01-18yTESIS